000
00281nam a2200133Ia 4500
100
_a
Subbiah K.
942
_c
BK
654
_a
Fitting
245
_a
Fitting tools & practice. I
260
_b
M/s L.S. Bedi & Sons.
_c
2001
082
_a
621.9
300
_a
190
546
_a
ENGLISH
999
_c
30329
_d
30329